000 00910nam a22002897a 4500
001 BR0601064
003 BR-BrBNA
005 20230928102105.0
007 ta
008 230509b bl.||||| |||| 00| 0 por d
040 _aBR-BrBNA
_bpor
_cBiblioteca Nacional de Agricultura
041 _a(Por)
072 _aC10; L01
090 _ C10 BR0601064
100 1 _aPorfírio, T. de A.
100 1 _aDeak, J.G.
110 1 _aMinistério da Agricultura, Pecuária e Abastecimento, Brasília, DF (Brasil)
110 1 _aUniversidade de Brasília, DF (Brasil)
_910455
245 1 _aAtuação da rede de laboratório animal
_bCurso de Formação para os candidatos ao Cargo de Fiscal Federal Agropecuário
260 3 _aBrasília, DF (Brasil):
_c2002.
300 _a4 p.
650 _aCURSO
650 _aPRODUÇÃO ANIMAL
650 _aLABORATÓRIO
909 _a202309
_bLucia
_c55
_dLucia Elande
942 _cBK
999 _c69096
_d69096